[Event "IECG QN.2002.0.00208"]
[Site "IECG email"]
[Date "2002.01.13"]
[Round "?"]
[White "Crowther, Pete"]
[Black "Hill, Robin"]
[Result "0-1"]
[WhiteElo "575"]
[BlackElo "800"]
[PlyCount "50"]
[EventDate "2002.01.13"]
[EventType "tourn (corr)"]
[EventRounds "6"]
[SourceTitle "Corr 2008"]
[Source "ChessBase"]
[SourceDate "2008.06.24"]
[SourceVersion "1"]
[SourceVersionDate "2008.06.24"]
[SourceQuality "1"]

1. e4 e5 2. Nf3 Nf6 3. Nxe5 d6 4. Nf3 Nxe4 5. d4 d5 6. Bd3 Be7 7. 0-0 0-0 8. Re1 f5 9. c4 Be6 10. Nc3 dxc4 11. Bxe4 fxe4 12. Nxe4 Bg4 13. Bg5 Bxf3 14. Bxe7 Qxe7 15. gxf3 Nc6 16. Nc5 Qg5+ 17. Kh1 Qd5 18. Re4 Rf6 19. Qe2 Nxd4 20. Re8+ Rxe8 21. Qxe8+ Rf8 22. Qe4 Qxc5 23. Rg1 Nxf3 24. Rg2 b5 25. Qg4 Qe5 0-1

[Event "IECG QN.2000.0.00156"]
[Site "IECG email"]
[Date "2000.12.16"]
[Round "?"]
[White "Crowther, Pete"]
[Black "Neil, George"]
[Result "1-0"]
[WhiteElo "578"]
[BlackElo "313"]
[PlyCount "49"]
[EventDate "2000.12.16"]
[EventType "tourn (corr)"]
[EventRounds "6"]
[SourceTitle "Corr 2008"]
[Source "ChessBase"]
[SourceDate "2008.06.24"]
[SourceVersion "1"]
[SourceVersionDate "2008.06.24"]
[SourceQuality "1"]

1. e4 e5 2. Nf3 Nc6 3. Bc4 Bc5 4. d3 d6 5. Ng5 Nf6 6. Nxf7 Bg4 7. f3 Qe7 8. Nxh8 Bh5 9. g4 Bg6 10. Nxg6 hxg6 11. Bg5 Bd4 12. c3 Qf8 13. cxd4 Nxd4 14. 0-0 Nd7 15. f4 Qh8 16. fxe5 dxe5 17. Rf7 Qh3 18. Nd2 b5 19. Bd5 c6 20. Re7+ Kd8 21. Rxg7+ Kc7 22. Bg8 Nf3+ 23. Nxf3 Qxg4+ 24. Kh1 Rf8 25. Nxe5 1-0

[Event "IECG QN.2000.0.00156"]
[Site "IECG email"]
[Date "2000.12.16"]
[Round "?"]
[White "Crowther, Pete"]
[Black "Shah, Sehba"]
[Result "0-1"]
[WhiteElo "578"]
[BlackElo "800"]
[PlyCount "74"]
[EventDate "2000.12.16"]
[EventType "tourn (corr)"]
[EventRounds "6"]
[SourceTitle "Corr 2008"]
[Source "ChessBase"]
[SourceDate "2008.06.24"]
[SourceVersion "1"]
[SourceVersionDate "2008.06.24"]
[SourceQuality "1"]

1. d4 Nf6 2. c4 e6 3. g3 d5 4. Bg2 dxc4 5. Nf3 Be7 6. 0-0 0-0 7. Qc2 a6 8. Qxc4 b5 9. Qc2 Bb7 10. Nc3 Nbd7 11. Rd1 Qc8 12. a3 c5 13. Bg5 cxd4 14. Rxd4 Qc5 15. Rd2 Nb6 16. Nh4 Bxg2 17. Be3 Qc6 18. Nxg2 Rac8 19. Qd1 Nc4 20. Rc2 Nxb2 21. Rxb2 Qxc3 22. Bd4 Qc6 23. Rbb1 Rfd8 24. e3 e5 25. Rc1 Qb7 26. Rxc8 Qxc8 27. Ra2 exd4 28. exd4 Qc3 29. Re2 Qxa3 30. Ne3 g6 31. Qc2 Qa1+ 32. Kg2 Qxd4 33. Nf5 Qd5+ 34. f3 Bc5 35. Nh6+ Kg7 36. Qc1 Qd3 37. Re5 Qd2+ 0-1

[Event "IECG QN.2000.0.00156"]
[Site "IECG email"]
[Date "2000.12.16"]
[Round "?"]
[White "Shah, Sehba"]
[Black "Crowther, Pete"]
[Result "1-0"]
[WhiteElo "800"]
[BlackElo "578"]
[PlyCount "55"]
[EventDate "2000.12.16"]
[EventType "tourn (corr)"]
[EventRounds "6"]
[SourceTitle "Corr 2008"]
[Source "ChessBase"]
[SourceDate "2008.06.24"]
[SourceVersion "1"]
[SourceVersionDate "2008.06.24"]
[SourceQuality "1"]

1. e4 e5 2. Nf3 Nc6 3. Bb5 a6 4. Ba4 Nf6 5. 0-0 Nxe4 6. d4 b5 7. Bb3 d5 8. dxe5 Be6 9. c3 Bc5 10. Nbd2 0-0 11. Bc2 Bf5 12. Nb3 Bb6 13. Nfd4 Nxd4 14. cxd4 Qd7 15. f3 Nd6 16. exd6 Bxc2 17. Qxc2 Qxd6 18. Be3 Rfe8 19. Bf2 a5 20. Rfe1 a4 21. Nc5 Ba5 22. Rxe8+ Rxe8 23. Nb7 Qb6 24. Nxa5 Qxa5 25. Rc1 Re7 26. Kf1 Qb6 27. Qc6 Re6 28. Qa8+ 1-0

[Event "IECG QN.2000.0.00125"]
[Site "IECG email"]
[Date "2000.06.27"]
[Round "?"]
[White "Crowther, Pete"]
[Black "Robertson, John"]
[Result "0-1"]
[WhiteElo "800"]
[BlackElo "508"]
[PlyCount "82"]
[EventDate "2000.06.27"]
[EventType "tourn (corr)"]
[EventRounds "6"]
[SourceTitle "Corr 2008"]
[Source "ChessBase"]
[SourceDate "2008.06.24"]
[SourceVersion "1"]
[SourceVersionDate "2008.06.24"]
[SourceQuality "1"]

1. c4 e5 2. Nc3 Nf6 3. Nf3 Nc6 4. e4 a6 5. a4 Bb4 6. d4 Bxc3+ 7. bxc3 d6 8. d5 Ne7 9. Bd3 Ng6 10. 0-0 Bg4 11. g3 h6 12. Be3 Bh3 13. Re1 0-0 14. c5 Ng4 15. Qb3 Rb8 16. cxd6 Qf6 17. dxc7 Qxf3 18. Bf1 Bxf1 19. Rxf1 Nxe3 20. fxe3 Qxe3+ 21. Rf2 Rbc8 22. d6 Qxe4 23. Qb6 Qd3 24. Rff1 Qd5 25. Rad1 Qe6 26. d7 Qxb6+ 27. Rf2 Qxc7 28. Rfd2 Rcd8 29. Rd3 Qc5+ 30. Kg2 Qc6+ 31. Kf2 e4 32. Rd4 Ne5 33. Rd6 Qc5+ 34. R1d4 f5 35. R6d5 Ng4+ 36. Kg1 Qxc3 37. Kg2 Ne3+ 38. Kf2 Nxd5 39. Rxd5 e3+ 40. Ke2 f4 41. gxf4 Rxf4 0-1

[Event "IECG QN.2000.0.00125"]
[Site "IECG email"]
[Date "2000.06.27"]
[Round "?"]
[White "Robertson, John"]
[Black "Crowther, Pete"]
[Result "1-0"]
[WhiteElo "508"]
[BlackElo "800"]
[PlyCount "81"]
[EventDate "2000.06.27"]
[EventType "tourn (corr)"]
[EventRounds "6"]
[SourceTitle "Corr 2008"]
[Source "ChessBase"]
[SourceDate "2008.06.24"]
[SourceVersion "1"]
[SourceVersionDate "2008.06.24"]
[SourceQuality "1"]

1. e4 c5 2. Bc4 e6 3. Nc3 Nc6 4. Nf3 Nf6 5. d4 d5 6. exd5 exd5 7. Bb5 Bd6 8. Bg5 h6 9. Qe2+ Be7 10. Bxf6 0-0 11. Bxe7 Nxe7 12. dxc5 Bd7 13. Bd3 Re8 14. 0-0 Bc6 15. Qe5 Qd7 16. Rae1 Ng6 17. Qd6 Qg4 18. Bxg6 d4 19. Bxf7+ Kxf7 20. h3 Qg6 21. Qxg6+ Kxg6 22. Nxd4 Bd7 23. Rxe8 Rxe8 24. Rd1 Re5 25. Nf3 Re7 26. Rxd7 Kf7 27. Rxe7+ Kxe7 28. b4 Kd7 29. Na4 Kc6 30. Nd4+ Kd5 31. Nf5 Kc4 32. c3 Kb5 33. Nb2 a5 34. bxa5 Kxc5 35. Nxg7 Kb5 36. f4 Kc6 37. g4 Kd7 38. f5 Ke7 39. Na4 Kf7 40. Nh5 Kf8 41. Nc5 1-0

[Event "IECG QN.2000.0.00099"]
[Site "IECG email"]
[Date "2000.02.18"]
[Round "?"]
[White "Chandler, Mark"]
[Black "Crowther, Pete"]
[Result "0-1"]
[WhiteElo "800"]
[BlackElo "800"]
[PlyCount "76"]
[EventDate "2000.02.18"]
[EventType "tourn (corr)"]
[EventRounds "6"]
[SourceTitle "Corr 2008"]
[Source "ChessBase"]
[SourceDate "2008.06.24"]
[SourceVersion "1"]
[SourceVersionDate "2008.06.24"]
[SourceQuality "1"]

1. e4 e5 2. Bc4 Nf6 3. d3 c6 4. Nf3 d5 5. Bb3 Bd6 6. 0-0 0-0 7. Nc3 Bc7 8. exd5 cxd5 9. Nb5 Re8 10. Nxc7 Qxc7 11. Re1 Nc6 12. d4 Bg4 13. h3 Bxf3 14. Qxf3 Nxd4 15. Qg3 Nxb3 16. Bh6 Nh5 17. Qxb3 gxh6 18. Qf3 Nf4 19. Qg4+ Ng6 20. Rad1 Rad8 21. Qa4 a6 22. Rxd5 Rxd5 23. Qxe8+ Kg7 24. Qa4 Rd4 25. Qb3 a5 26. c3 Rc4 27. a4 Nf4 28. Qb5 Nd3 29. Re3 e4 30. Rg3+ Kf6 31. Qd5 Rxa4 32. Kf1 Nf4 33. Qd1 Qc4+ 34. Kg1 Ne2+ 35. Kh2 Nxg3 36. Qd6+ Qe6 37. Qxg3 Qf5 38. Qd6+ Kg7 0-1